00683nac a22002171u 4500010001600000020001500016082001500031090001500046100003400061245005900095250001200154260003900166300003500205500002000240500002600260511002600286650001800312942001700330999001500347952010300362 a 95025525 a007049867900a683.3bPHI c5502d5502 aPhillips, Bill, 10aProfessional locksmithing techniques /cBill Phillips. a2nd ed. aNew York :bTAB Books,1996cc1996. axiii, 427 p. :bill. ;c24 cm. aIncludes index. adistributer: Al-Ahram acatalogued by: wessam 0aLocksmithing. cBBk683.3PHI c5502d5502 00104070aMAINbMAINc1STd2007-10-30ePurchasel0o683.3PHIp000006609r2025-07-15 00:00:00yBB